000 00475nam a2200181Ia 4500
008 160105s9999 xx 000 0 und d
041 _afre
245 _aLe bananier et sa culture
260 _aParis
260 _bEditions Quae
260 _c2007
300 _bill., tabl., réf.
490 _aSavoir faire
654 _xMUSA/PLANTE DE CULTURE/PARASITE/ORGANISME NUISIBLE/FRUITS/RECOLTE/GESTION
942 _c09
994 _a121819
999 _c21147
_d49145